| 000 | 00558nam a2200229 a 4500 | ||
|---|---|---|---|
| 001 | nice12345678 | ||
| 003 | IN_TiNIC | ||
| 005 | 20260116011845.0 | ||
| 008 | 050524s1963 hyda grp 000 0 eng | ||
| 020 |
_a _c100 |
||
| 082 | 0 | 0 |
_a954.84 _bKHA |
| 245 | _aFarmans and Sanads of the Deccan Sultans | ||
| 260 |
_aHyderabad _bState Archives _c1963 |
||
| 300 | _a39p | ||
| 500 | _aincludes index and biblioraphy | ||
| 505 | 2 | _awith persian | |
| 650 | _aDeccan-History | ||
| 710 | 2 | _aState Archives | |
| 902 | _bSRS | ||
| 942 | _cBK | ||
| 999 |
_c4489 _d4489 |
||